| 000 | 00000nam 2200000za 4500 |
| 001 | 9.844231 |
| 003 | CaOODSP |
| 005 | 20221107152711 |
| 007 | cr ||||||||||| |
| 008 | 180201s2013 onc|||| o f000 0 eng |
| 020 | |a978-0-660-09879-1 |
| 040 | |aCaOODSP|beng |
| 043 | |an-cn--- |
| 086 | 1 |aBT43-146/2013E-PDF |
| 110 | 1 |aCanada. |bTreasury Board. |
| 245 | 10|aOrganizational project management capacity assessment tool |h[electronic resource]. |
| 250 | |aVersion 1.4 |
| 260 | |aOttawa : |bTreasury Board of Canada, Secretariat, |cc2013. |
| 300 | |a[60] p. (un-numbered pages) |
| 500 | |aIssued also in French under title: Outil d'évaluation de la capacité organisationnelle de gestion de projet. |
| 500 | |a"Published: May 01, 2013." |
| 500 | |aAlso available in HTML format. |
| 504 | |aIncludes bibliographic references. |
| 520 | 0 |a"This assessment is organized according to the project management knowledge areas as outlined in A Guide to the Project Management Body of Knowledge and the Project Management Institute's (PMI) standards on program management and portfolio management. The assessment also includes two additional knowledge areas: organizational support structures and project management standards"--Provided by publisher. |
| 692 | 07|2gccst|aGovernment policy |
| 692 | 07|2gccst|aProject management |
| 775 | 08|tOutil d'évaluation de la capacité organisationnelle de gestion de projet |w(CaOODSP)9.844232 |
| 856 | 40|qPDF|s250 KB|uhttps://publications.gc.ca/collections/collection_2018/sct-tbs/BT43-146-2013-eng.pdf |
| 856 | 4 |qHTML|sN/A|uhttp://www.tbs-sct.gc.ca/pol/doc-eng.aspx?id=28190 |